| 000 | 00955cam a22003013a 4500 | ||
|---|---|---|---|
| 001 | 32556 | ||
| 003 | PGUSA | ||
| 005 | 20140828083714.0 | ||
| 008 | 100527s2010||||xxu|||||s|||||000 1 eng d | ||
| 040 |
_aPGUSA _beng |
||
| 042 | _adc | ||
| 050 | 4 | _aPZ | |
| 100 | 1 |
_aRaymond, Evelyn, _d1843-1910 |
|
| 245 | 1 | 0 |
_aDorothy's Tour _h[electronic resource] / _cEvelyn Raymond |
| 260 |
_bProject Gutenberg, _c2010 |
||
| 506 | _aPublic domain in the USA. | ||
| 516 | _aElectronic text | ||
| 653 | _aChicago (Ill.) -- Juvenile fiction | ||
| 653 | _aWashington (D.C.) -- Juvenile fiction | ||
| 653 | _aViolin -- Juvenile fiction | ||
| 653 | _aNew York (N.Y.) -- Juvenile fiction | ||
| 653 | _aChester, Dorothy (Fictitious character) -- Juvenile fiction | ||
| 653 | _aFirst loves -- Juvenile fiction | ||
| 653 | _aMusicians -- Juvenile fiction | ||
| 830 | 0 |
_aProject Gutenberg _v32556 |
|
| 856 | 4 | 0 | _uhttp://www.gutenberg.org/ebooks/32556 |
| 942 | _cEB | ||
| 999 |
_c261811 _d261811 |
||